Continent to City Pyramid Game - Statistics

General Stats
  • This quiz has been taken 44 times
  • The average score is 9 of 16
Answer Stats
Hint Answer % Correct
Continent Continent with the highest GDP Asia
100%
Country Country that produces the most cars China
98%
Continent Continent with the most tourists annually Europe
95%
Continent Continent with the most countries Africa
90%
Continent Continent with the world's largest rainforest South America
85%
Country Country that has won the most Men's FIFA World Cup Brazil
80%
Country Country with four official languages, one of which is Romansh Switzerland
70%
Country Country that produces the most platinum South Africa
48%
City City that has the headquarters of the International Olympic Committee Lausanne
33%
First-level subdivision Province with the greatest population Guangdong
30%
City City known as the 'Silicon Valley of China' Shenzhen
30%
City City with the busiest container port in Africa Durban
28%
City First capital of Brazil Salvador
25%
First-level subdivision State that is the birthplace of Samba Bahia
18%
First-level subdivision Province home to the Zulu monarch Kwazulu-natal
18%
First-level subdivision Canton bordering France, Lake Geneva and Lake Neuchâtel Vaud
18%
No matching quizzes found
Score Distribution
Percent of People with Each Score
Percentile by Number Answered
Your Score History
You have not taken this quiz